Microsoft Visual Basic 4.0 : Programátorská dílna /

Gespeichert in:
Bibliographische Detailangaben
1. Verfasser: Craig, John Clark (Verfasst von)
Format: Buch
Sprache:Tschechisch
Veröffentlicht: Praha : Computer Press, 1996
Tags: Tag hinzufügen
Keine Tags, Fügen Sie das erste Tag hinzu!

MARC

LEADER 00000nam a22000003a 4500
001 stu30439
005 20150617225737.9
008 971027s1996----cs------------------cze-d
020 |a 80-85896-74-5 
040 |a STU  |b slo 
041 0 |a cze 
044 |a cs 
080 |a 519.68 
100 1 |a Craig, John Clark  |4 aut 
245 1 |a Microsoft Visual Basic 4.0 :  |b Programátorská dílna /  |c [aut]Craig,John Clark 
260 |a Praha :  |b Computer Press,  |c 1996 
300 |a 21,530 s 
996 |c V*44800/O-19538  |l VV5  |s P  |a 0  |w stu30439_0001